Statistics for US States with NO coastline

Click here to take the quiz!

General Stats

  • This quiz has been taken 329 times
  • The average score is 25 of 27

Answer Stats

Hint Answer % Correct
South Dakota
98%
Wyoming
95%
Kansas
95%
Indiana
95%
Illinois
95%
Ohio
95%
North Dakota
95%
Idaho
95%
Nevada
95%
Kentucky
94%
Colorado
93%
Arkansas
93%
Oklahoma
93%
Arizona
93%
Montana
93%
Utah
93%
Tennessee
92%
West Virginia
92%
Nebraska
91%
Missouri
91%
Iowa
90%
Minnesota
89%
New Mexico
89%
Wisconsin
88%
Michigan
88%
Vermont
87%
Pennsylvania
80%

Score Distribution

Percentile by Number Answered

Percent of People with Each Score

Your Score History

You have not taken this quiz